Nursing research : (Record no. 19833)
[ view plain ]
| 000 -LEADER | |
|---|---|
| fixed length control field | 00959cam a22002775a 4500 |
| 001 - CONTROL NUMBER | |
| control field | 17776958 |
| 005 - DATE AND TIME OF LATEST TRANSACTION | |
| control field | 20151028114533.0 |
| 008 - FIXED-LENGTH DATA ELEMENTS--GENERAL INFORMATION | |
| fixed length control field | 130612t2014 moua frbd 001 0 eng d |
| 020 ## - INTERNATIONAL STANDARD BOOK NUMBER | |
| International Standard Book Number | 9780323100861 (alk. paper) |
| 040 ## - CATALOGING SOURCE | |
| Original cataloging agency | DNLM/DLC |
| Language of cataloging | eng |
| Transcribing agency | DLC |
| Modifying agency | DLC |
| -- | EG-ScBUE |
| 082 04 - DEWEY DECIMAL CLASSIFICATION NUMBER | |
| Classification number | 610.73072 |
| Item number | LOB |
| Edition number | 22 |
| 100 1# - MAIN ENTRY--PERSONAL NAME | |
| Personal name | LoBiondo-Wood, Geri. |
| 9 (RLIN) | 38307 |
| 245 10 - TITLE STATEMENT | |
| Title | Nursing research : |
| Remainder of title | methods and critical appraisal for evidence-based practice / |
| Statement of responsibility, etc | Geri LoBiondo-Wood, Judith Haber. |
| 250 ## - EDITION STATEMENT | |
| Edition statement | 8th ed. |
| 260 ## - PUBLICATION, DISTRIBUTION, ETC. (IMPRINT) | |
| Place of publication, distribution, etc | Missouri : |
| Name of publisher, distributor, etc | Elsevier / Mosby, |
| Date of publication, distribution, etc | c.2014. |
| 300 ## - PHYSICAL DESCRIPTION | |
| Extent | xvii, 598 p. : |
| Other physical details | ill. ; |
| Dimensions | 24 cm. |
| 500 ## - GENERAL NOTE | |
| General note | Index : p. 585-598. |
| 500 ## - GENERAL NOTE | |
| General note | Glossary : p. 575-584. |
| 504 ## - BIBLIOGRAPHY, ETC. NOTE | |
| Bibliography, etc | Includes bibliographical references. |
| 650 #7 - SUBJECT ADDED ENTRY--TOPICAL TERM | |
| Topical term or geographic name as entry element | Nursing Research |
| General subdivision | methods. |
| Source of heading or term | BUEsh |
| 9 (RLIN) | 36303 |
| 650 #0 - SUBJECT ADDED ENTRY--TOPICAL TERM | |
| Topical term or geographic name as entry element | Nursing |
| General subdivision | Research. |
| Source of heading or term | BUEsh |
| 651 ## - SUBJECT ADDED ENTRY--GEOGRAPHIC NAME | |
| Source of heading or term | BUEsh |
| 653 ## - INDEX TERM--UNCONTROLLED | |
| Resource For college | Nursing |
| Arrived date list | June2015 |
| -- | August2015 |
| -- | October2015 |
| 700 1# - ADDED ENTRY--PERSONAL NAME | |
| Personal name | Haber, Judith. |
| 942 ## - ADDED ENTRY ELEMENTS (KOHA) | |
| Source of classification or shelving scheme | Dewey Decimal Classification |
| Call number prefix | 610.73072 LOB |
| Withdrawn status | Lost status | Source of classification or shelving scheme | Damaged status | Not for loan | Koha collection | Home library | Current library | Shelving location | Date acquired | Source of acquisition | Cost, normal purchase price | Serial Enumeration / chronology | Total Checkouts | Total Renewals | Full call number | Barcode | Date last seen | Date last borrowed | Cost, replacement price | Koha item type | Checked out |
|---|---|---|---|---|---|---|---|---|---|---|---|---|---|---|---|---|---|---|---|---|---|
| Dewey Decimal Classification | Alahram | Central Library | Central Library | First floor | 23/06/2015 | Purchase | 691.00 | 325 | 12 | 89 | 610.73072 LOB | 000038918 | 15/07/2025 | 05/05/2025 | 863.75 | Book - Borrowing | |||||
| Dewey Decimal Classification | Alahram | Central Library | Central Library | First floor | 24/06/2015 | Purchase | 691.00 | 325 | 14 | 118 | 610.73072 LOB | 000038860 | 05/03/2024 | 05/03/2024 | 863.75 | Book - Borrowing | 16/05/2026 |